C'est ma faute - Kyo - Paroles - Statistiques

Statistiques générales
  • Ce quiz a été pris 4 fois
  • Le résultat moyen est 132 sur 211
Statistiques - réponses
Réponse % Correct
a
100%
ce
100%
c'est
100%
C'est
100%
de
100%
faute
100%
Il
100%
je
100%
Je
100%
La
100%
la
100%
ma
100%
bien
75%
déjà
75%
est
75%
fait
75%
loin
75%
l'on
75%
l'un
75%
ne
75%
on
75%
Que
75%
que
75%
sais
75%
Si
75%
si
75%
tard
75%
terre
75%
Terre
75%
ça
50%
deux
50%
dire
50%
encore
50%
Et
50%
histoire
50%
j'abuse
50%
jour
50%
jusqu'à
50%
l'autre
50%
les
50%
longtemps
50%
Mais
50%
patiente
50%
Plus
50%
plus
50%
pour
50%
rien
50%
seulement
50%
temps
50%
ton
50%
tours
50%
tu
50%
Tu
50%
veux
50%
attend
25%
comprends
25%
D'avouer
25%
d'excuses
25%
du
25%
dur
25%
entière
25%
J'ai
25%
j'veux
25%
laisser
25%
maintenant
25%
même
25%
m'excuse
25%
Ni
25%
notre
25%
nous
25%
partir
25%
pas
25%
poussière
25%
qu'on
25%
torts
25%
tourner
25%
tous
25%
aucun
0%
cela
0%
dois
0%
dors
0%
doute
0%
jamais
0%
m'écoutes
0%
n'aies
0%
n'suis
0%
nuit
0%
pardonnes
0%
pars
0%
quand
0%
Recouvrir
0%
serve
0%
sûr
0%
vraiment
0%
Aucun quiz correspondant
Distribution des résultats
% des personnes avec chaque résultat
Percentile par nombre de réponses
Votre historique - résultats
Vous n’avez pas pris ce quiz